Culture Générale - Série 1253 - Statistiques

Statistiques générales
  • Ce quiz a été pris 88 fois
  • Le résultat moyen est 5 sur 10
Statistiques - réponses
Question Réponse % Correct
Quel accessoire, indispensable pour jouer au 421, peut être "pipé" ?
98%
Quel roi des éléphants est le père de Pom, Flore, Alexandre et Isabelle ? Babar
88%
Quel titre en forme de sigle a assuré le succès du groupe Village People ? Y.M.C.A.
88%
En 1980, qui a réalisé le film d'horreur "Shining" ? Stanley Kubrick
72%
Dans le film "Seven", qui incarne David Mills, un jeune détective qui enquête sur un tueur en série ? Brad Pitt
61%
Selon le titre d'un dessin animé des années 1970, quel animal est Oum ? dauphin
30%
De quel groupe de hard-rock allemand Klaus Meine est-il le chanteur ? Scorpions
27%
Comment se prénomme le frère de Michael Schumacher, lui aussi pilote de Formule 1 ? Ralf
22%
Dans la mythologie grecque, quelle fille d'Agamemnon, héroïne tragique d'Euripide, devient prêtresse d'Artémis en Tauride ? Iphigénie
13%
En 2009, à quel chanteur doit-on l'album "Une vie Saint Laurent", consacré au couturier français ? Alain Chamfort
1%
Aucun quiz correspondant
Distribution des résultats
% des personnes avec chaque résultat
Percentile par nombre de réponses
Votre historique - résultats
Vous n’avez pas pris ce quiz